Normal view
MARC view
Entry Personal Name
001 - CONTROL NUMBER
- control field: 20671
003 - CONTROL NUMBER IDENTIFIER
- control field: dpl
005 - DATE AND TIME OF LATEST TRANSACTION
- control field: 20100918124905.0
008 - FIXED-LENGTH DATA ELEMENTS
- fixed length control field: 100918|||a|||||| | ||| d
040 ## - CATALOGING SOURCE
- Original cataloging agency: dpl
- Transcribing agency: dpl
100 ## - HEADING--PERSONAL NAME
- Personal name: Surinder, Kohli
670 ## - SOURCE DATA FOUND
- Source citation: Work cat.: (dpl): Kohli, Surinder 17690, Main ram naam gun gaoon /, 1979
670 ## - SOURCE DATA FOUND
- Source citation: Work cat.: (dpl): Kohli, Surinder 17690, Main ram naam gun gaoon /, 1979
